| 000 | 00737nam a2200241Ia 4500 | ||
|---|---|---|---|
| 003 | OSt | ||
| 005 | 20220926012224.0 | ||
| 006 | a|||||r|||| 00| 0 | ||
| 007 | ta | ||
| 008 | 220923b |||||||| |||| 00| 0 eng d | ||
| 037 | _cGeneral Book | ||
| 040 |
_aRTL _cRTL _beng |
||
| 041 |
_2eng _aeng |
||
| 082 | _aX:53, K9 | ||
| 100 |
_aCOMMITTEE FOR ECONOMIC DEVELOPMENT RESEARCH AND POLICY (Committee on-) _9315844 |
||
| 245 | 0 | _aNontariff distortions of trade | |
| 260 |
_aNew York _bC E D _c1969 |
||
| 300 |
_a39p _ccm. |
||
| 500 | _aAppendix P37-39 | ||
| 650 |
_aTariff _9240384 |
||
| 942 |
_hX:53, K9 _cGB _2CC |
||
| 999 |
_c622120 _d622120 |
||